Atribuciones del Presidente Argentino (Registro nro. 6877)

Detalles MARC
000 -LEADER
fixed length control field 02731 a2200409 4500
001 - CONTROL NUMBER
control field 60075
005 - DATE AND TIME OF LATEST TRANSACTION
control field 20260407155853.0
008 - FIXED-LENGTH DATA ELEMENTS--GENERAL INFORMATION
fixed length control field 260407a1986 arg spa d
003 - CONTROL NUMBER IDENTIFIER
control field AR-UNSa-BCEJYS
040 ## - CATALOGING SOURCE
Original cataloging agency AR-UNSa-BCEJYS
Language of cataloging spa
Transcribing agency AR-UNSa-BCEJYS
080 ## - UNIVERSAL DECIMAL CLASSIFICATION NUMBER
Universal Decimal Classification number 342.516
Common auxiliary subdivision Funciones, obligaciones, prerrogativas del jefe de estado en el ejercicio del poder ejecutivo
041 ## - LANGUAGE CODE
Language code of text/sound track or separate title spa
100 1# - MAIN ENTRY--PERSONAL NAME
Personal name Instituto Argentino de Estudios Constitucionales y Políticos
245 10 - TITLE STATEMENT
Title Atribuciones del Presidente Argentino
264 #1 - PRODUCTION, PUBLICATION, DISTRIBUTION, MANUFACTURE, AND COPYRIGHT NOTICE
Place of production, publication, distribution, manufacture Buenos Aires :
Name of producer, publisher, distributor, manufacturer Ediciones Depalma
Date of production, publication, distribution, manufacture, or copyright notice 1986
300 ## - PHYSICAL DESCRIPTION
Extent xvi, 649 p.
Dimensions 23 cm.
505 ## - FORMATTED CONTENTS NOTE
Formatted contents note 1. El ejecutivo presidencialista. Proceso histórico-doctrinal que lleva a su nacimiento - 2. Perfil y atribuciones del Ejecutivo en los comienzos constitucionales argentinos (1810-1817) - 3. Atribuciones del poder Ejecutivo en el Congreso Constituyente de 1824/1827 - 4. Alberdi y las atribuciones del ejecutivo - 5. Algunas consideraciones acerca de las funciones del poder - 6. Sistematización de las funciones del Ejecutivo en orden a sus atribuciones - 7. La jefatura administrativa del presidente de la Nación - 8. La facultad reglamentaria y el orden constitucional argentino - 9. Delegación legislativa e incremento de atribuciones del Ejecutivo - 10. Participación del poder ejecutivo en la formación y sanción de las leyes - 11. El Ejecutivo y el acuerdo del Senado - 12. Indulto y conmutación de penas - 13. El poder ejecutivo y el ejercicio del patronato - 14. El presidente y las sesiones del Congreso - 15. Atribuciones económicas del Poder Ejecutivo nacional según la Constitución nacional - 16. La jefatura militar- 17. El presidente y el estado de sitio - 18. Las atribuciones del Ejecutivo y los ministros - 19. La función de asesoría en el ejercicio de la presidencia de la República - 20. El método comparativo y las atribuciones del ejecutivo - 21. Sociología del Poder Ejecutivo (Esbozo de conceptualización sistemática).
590 ## - LOCAL NOTE (RLIN)
Local note niveau_biblio:m niveau_hierar:0
700 1# - ADDED ENTRY--PERSONAL NAME
Personal name Pérez Guilhou, Dardo
700 1# - ADDED ENTRY--PERSONAL NAME
Personal name Calderon, Raúl Enoc
700 1# - ADDED ENTRY--PERSONAL NAME
Personal name Castorina de Tarquini, María Celia
700 1# - ADDED ENTRY--PERSONAL NAME
Personal name Egües, Carlos Alberto
700 1# - ADDED ENTRY--PERSONAL NAME
Personal name Farrando, Ismael
700 1# - ADDED ENTRY--PERSONAL NAME
Personal name Giunta, María Luisa
700 1# - ADDED ENTRY--PERSONAL NAME
Personal name Luna, Eduardo Fernando
700 1# - ADDED ENTRY--PERSONAL NAME
Personal name Martínez Peroni, José Luis
700 1# - ADDED ENTRY--PERSONAL NAME
Personal name Ramella de Jefferies, Susana
700 1# - ADDED ENTRY--PERSONAL NAME
Personal name Godoy, Horacio H.
700 1# - ADDED ENTRY--PERSONAL NAME
Personal name Seghesso de López Aragón, María Cristina
700 1# - ADDED ENTRY--PERSONAL NAME
Personal name Segovia, Juan Fernando
700 1# - ADDED ENTRY--PERSONAL NAME
Personal name Seisdedos, Felipe
700 1# - ADDED ENTRY--PERSONAL NAME
Personal name Pelleriti, Gustavo Adolfo
700 1# - ADDED ENTRY--PERSONAL NAME
Personal name Sarmiento García, Jorge
700 1# - ADDED ENTRY--PERSONAL NAME
Personal name Soler Miralles, Julio E.
700 1# - ADDED ENTRY--PERSONAL NAME
Personal name Verstraete, Juan M.
942 ## - ADDED ENTRY ELEMENTS (KOHA)
Koha item type
Existencias
Withdrawn status Lost status Damaged status Not for loan Home library Current library Shelving location Date acquired Total checkouts Full call number Barcode Date last seen Price effective from Koha item type
        Biblioteca Prof. Eusebio Cleto del Rey Biblioteca Prof. Eusebio Cleto del Rey   07/04/2026   342.516 A882 L45339 07/04/2026 07/04/2026 Libro